000 00303nam a2200121Ia 4500
005 20251222154407.0
008 251222s9999||||xx |||||||||||||| ||spa||
020 _a978-612-302-106-1
082 _a465/F41L
100 _a"Fernández Melendez, W´élter"
245 0 _aLenguaje y redacción
942 _cLIB
999 _c35520
_d35520